[Event "BCF-ch PM U2050 op"]
[Site "Hull"]
[Date "2024.08.02"]
[Round "5"]
[White "Ball, Matthew P"]
[Black "Bawden, Phil"]
[Result "1/2-1/2"]
[WhiteElo "1771"]
[BlackElo "1739"]
[PlyCount "117"]
[EventDate "2024.07.29"]
[EventType "swiss"]
[EventRounds "6"]
[EventCountry "ENG"]
[SourceTitle "CBM 221 Extra"]
[Source "ChessBase"]
[SourceDate "2024.09.30"]
[SourceVersion "1"]
[SourceVersionDate "2024.09.30"]
[SourceQuality "1"]

1. Nf3 b6 2. c4 Bb7 3. b3 d6 4. Bb2 Nd7 5. Nc3 g6 6. d4 e6 7. e4 Bg7 8. Bd3 Ne7 9. h4 h6 10. Qe2 e5 11. Nd5 c6 12. Nxe7 Qxe7 13. 0-0-0 0-0-0 14. Kb1 Kc7 15. d5 c5 16. h5 g5 17. g4 Bc8 18. Nd2 Nb8 19. Kc2 Bd7 20. Nb1 a5 21. a4 Na6 22. Nc3 Rb8 23. Ra1 Nb4+ 24. Kd2 Qf6 25. f3 Qe7 26. Ba3 Na6 27. Rhf1 Rhf8 28. Nd1 Qe8 29. Nc3 Kb7 30. Rab1 Qe7 31. Bc2 Ra8 32. Bd3 Rfc8 33. Rfc1 Bf8 34. Ra1 Qe8 35. Re1 Be7 36. Rec1 Qh8 37. Re1 Qf6 38. Rf1 Kc7 39. Rf2 Rcb8 40. Rff1 Rb7 41. Rfc1 Qh8 42. Ke1 Rab8 43. Kd2 Qe8 44. Ke1 Kd8 45. Rc2 Bf8 46. Rcc1 Ke7 47. Kf2 f6 48. Kg2 Kf7 49. Rc2 Kg7 50. Rcc1 Be7 51. Kg3 Qd8 52. Rc2 Be8 53. Rcc1 Bf8 54. Rh1 Kf7 55. Rhf1 Bd7 56. Nd1 Qe8 57. Nc3 Be7 58. Rf2 Qc8 59. Rc1 1/2-1/2

[Event "BCF-ch PM U2050 op"]
[Site "Hull"]
[Date "2024.08.01"]
[Round "4"]
[White "Dissanayake, Sathsara"]
[Black "Ball, Matthew P"]
[Result "1-0"]
[WhiteElo "1674"]
[BlackElo "1771"]
[PlyCount "71"]
[EventDate "2024.07.29"]
[EventType "swiss"]
[EventRounds "6"]
[EventCountry "ENG"]
[SourceTitle "CBM 221 Extra"]
[Source "ChessBase"]
[SourceDate "2024.09.30"]
[SourceVersion "1"]
[SourceVersionDate "2024.09.30"]
[SourceQuality "1"]

1. e4 c5 2. c3 d5 3. exd5 Qxd5 4. d4 Nf6 5. Nf3 e6 6. Be2 Nc6 7. 0-0 Be7 8. Be3 cxd4 9. Nxd4 Nxd4 10. cxd4 0-0 11. Nc3 Qa5 12. Qb3 Bd7 13. Bf3 Bd6 14. d5 Rab8 15. Rfd1 Rfd8 16. dxe6 Bxe6 17. Qb5 b6 18. Qxa5 bxa5 19. Rd2 Be5 20. Rxd8+ Rxd8 21. Bxa7 Rc8 22. Bb6 Bxc3 23. bxc3 Rxc3 24. a3 a4 25. Ba5 Rc8 26. h3 h6 27. Rb1 Bb3 28. Bd1 Bxd1 29. Rxd1 Ra8 30. Rd8+ Rxd8 31. Bxd8 Nd5 32. Kf1 Kf8 33. Ke2 Nc3+ 34. Kd3 Nb5 35. Ba5 Nxa3 36. Bb4+ 1-0

[Event "BCF-ch PM U2050 op"]
[Site "Hull"]
[Date "2024.07.29"]
[Round "1"]
[White "Ball, Matthew P"]
[Black "Sengupta, Sohana"]
[Result "1-0"]
[WhiteElo "1771"]
[BlackElo "1609"]
[PlyCount "133"]
[EventDate "2024.07.29"]
[EventType "swiss"]
[EventRounds "6"]
[EventCountry "ENG"]
[SourceTitle "CBM 221 Extra"]
[Source "ChessBase"]
[SourceDate "2024.09.30"]
[SourceVersion "1"]
[SourceVersionDate "2024.09.30"]
[SourceQuality "1"]

1. Nf3 d5 2. c4 e6 3. b3 Nf6 4. g3 Be7 5. Bg2 0-0 6. 0-0 c5 7. e3 Nc6 8. Bb2 Bd7 9. Qe2 Rc8 10. Rd1 Qb6 11. d4 cxd4 12. exd4 Rfe8 13. Nc3 dxc4 14. bxc4 Rcd8 15. Rab1 Qc7 16. Nb5 Qa5 17. Bc3 Qa4 18. Nc7 Rf8 19. d5 exd5 20. cxd5 Bd6 21. Nb5 Rfe8 22. Qb2 Bf5 23. dxc6 Bxb1 24. Rxb1 bxc6 25. Nxd6 Rxd6 26. Qb3 Qa6 27. Bf1 Qc8 28. Bc4 Nd5 29. Ba1 h6 30. Qb2 Nf6 31. Qb4 Qd8 32. Bb3 Nd5 33. Qc4 Qd7 34. Kg2 Qf5 35. Bc2 Qd7 36. Ne5 Qe6 37. Bb3 Qf5 38. Bc2 Qe6 39. Qb3 Qc8 40. Bb2 Rde6 41. Bf5 Qc7 42. Bxe6 Rxe6 43. Nf3 Rg6 44. Be5 Qd7 45. Rd1 Qe6 46. Qb2 f6 47. Bb8 f5 48. Re1 Qf7 49. Ne5 Qe8 50. Nxg6 Qxe1 51. Qe5 Qxe5 52. Nxe5 c5 53. Bxa7 Nb4 54. a4 Na6 55. Kf3 g5 56. Ke3 Kg7 57. Kd3 Kf6 58. Nd7+ Ke7 59. Nxc5 Nc7 60. Kc4 h5 61. Bb8 Na8 62. Kb5 Kd8 63. Be5 Kc8 64. Kc6 h4 65. Ne6 hxg3 66. hxg3 g4 67. Bf6 1-0

[Event "London Mill Hill op U1900"]
[Site "London"]
[Date "2022.03.27"]
[Round "5"]
[White "Ball, Matthew P"]
[Black "Badacsonyi, Stanley Ethan Artie"]
[Result "1-0"]
[WhiteElo "1579"]
[BlackElo "1439"]
[PlyCount "81"]
[EventDate "2022.03.26"]
[EventType "swiss"]
[EventRounds "5"]
[EventCountry "ENG"]
[SourceTitle "EXT 2024"]
[Source "ChessBase"]
[SourceDate "2023.10.10"]
[SourceVersion "1"]
[SourceVersionDate "2023.10.10"]
[SourceQuality "1"]

1. d4 Nf6 2. Bg5 Ne4 3. h4 h6 4. Bf4 d5 5. Nd2 Nxd2 6. Qxd2 e6 7. e3 c5 8. c3 Nc6 9. Bd3 Be7 10. h5 a6 11. Nf3 c4 12. Bc2 b5 13. 0-0 b4 14. e4 Qa5 15. Rfe1 Kf8 16. exd5 exd5 17. Re3 bxc3 18. bxc3 Bg4 19. a4 Bxh5 20. Rae1 f6 21. Re6 Be8 22. Qe3 Qd8 23. Bg3 Bd7 24. Nh4 Be8 25. Rxc6 Bxc6 26. Ng6+ Ke8 27. Nxh8 Ra7 28. Ng6 Qd7 29. Qxe7+ Qxe7 30. Rxe7+ Rxe7 31. Nxe7 Kxe7 32. Kf1 Ke6 33. Ke2 f5 34. Be5 g5 35. g3 h5 36. Kf3 Bd7 37. Bd1 Bc6 38. Kg2 Bd7 39. a5 Be8 40. Kf1 Kd7 41. Ba4+ 1-0

[Event "GBR-ch U1750 106th"]
[Site "Torquay"]
[Date "2019.08.01"]
[Round "4"]
[White "Ball, Matthew P"]
[Black "Williams, Dave"]
[Result "1/2-1/2"]
[WhiteElo "1623"]
[BlackElo "1519"]
[PlyCount "70"]
[EventDate "2019.07.29"]
[EventType "swiss"]
[EventRounds "7"]
[EventCountry "ENG"]
[SourceTitle "EXT 2025"]
[Source "ChessBase"]
[SourceDate "2024.10.14"]
[SourceVersion "1"]
[SourceVersionDate "2024.10.14"]
[SourceQuality "1"]

1. d4 Nf6 2. Nf3 c5 3. e3 e6 4. Bd3 Be7 5. Nbd2 cxd4 6. exd4 d5 7. 0-0 0-0 8. Ne5 Nc6 9. Ndf3 Nd7 10. Nxd7 Bxd7 11. c3 a6 12. Bf4 Re8 13. Qc2 g6 14. Rac1 Rc8 15. Qe2 Bf6 16. Ne5 Nxe5 17. Bxe5 Bxe5 18. dxe5 Qb6 19. h4 d4 20. h5 dxc3 21. bxc3 Bc6 22. Rfe1 Qc5 23. Qg4 Qe7 24. Re3 f5 25. exf6 Qxf6 26. hxg6 hxg6 27. Qxg6+ Qxg6 28. Bxg6 Re7 29. c4 Rd8 30. Rce1 Rd2 31. a3 Rd4 32. Rd3 Rg4 33. Rg3 Rxg3 34. fxg3 Kg7 35. Be4 Bxe4 1/2-1/2

[Event "GBR-ch U1750 106th"]
[Site "Torquay"]
[Date "2019.07.30"]
[Round "2"]
[White "Ball, Matthew P"]
[Black "Kumar, Soham"]
[Result "1/2-1/2"]
[WhiteElo "1623"]
[BlackElo "1415"]
[PlyCount "58"]
[EventDate "2019.07.29"]
[EventType "swiss"]
[EventRounds "7"]
[EventCountry "ENG"]
[SourceTitle "EXT 2025"]
[Source "ChessBase"]
[SourceDate "2024.10.14"]
[SourceVersion "1"]
[SourceVersionDate "2024.10.14"]
[SourceQuality "1"]

1. d4 Nf6 2. Nf3 g6 3. Bg5 Bg7 4. Nbd2 0-0 5. e4 d6 6. Bd3 Nbd7 7. c3 b6 8. a4 Bb7 9. 0-0 Re8 10. a5 c5 11. a6 Bc8 12. Bb5 Qc7 13. Re1 Rd8 14. Qe2 e5 15. d5 Nf8 16. h3 Bd7 17. Nb1 h6 18. Bxf6 Bxf6 19. Na3 g5 20. Bxd7 Qxd7 21. Qb5 Ng6 22. Qxd7 Rxd7 23. c4 Nf4 24. Re3 h5 25. Kf1 Kg7 26. Ng1 Rh8 27. g3 Ng6 28. Kg2 h4 29. Nb5 Rh7 1/2-1/2

[Event "Basingstoke Spring Bank op U1825 2nd"]
[Site "Basingstoke"]
[Date "2019.05.27"]
[Round "7.4"]
[White "Farahi Far, Arman"]
[Black "Ball, Matthew P"]
[Result "0-1"]
[WhiteElo "1314"]
[BlackElo "1652"]
[PlyCount "58"]
[EventDate "2019.05.24"]
[EventType "swiss"]
[EventRounds "7"]
[EventCountry "ENG"]
[SourceTitle "EXT 2023"]
[Source "ChessBase"]
[SourceDate "2022.10.05"]
[SourceVersion "1"]
[SourceVersionDate "2022.10.05"]
[SourceQuality "1"]

1. d4 e6 2. Nf3 f5 3. c4 Nf6 4. g3 Bb4+ 5. Bd2 Qe7 6. a3 Bxd2+ 7. Nbxd2 0-0 8. Bg2 d6 9. 0-0 e5 10. Re1 e4 11. Ng5 e3 12. Nf1 exf2+ 13. Kxf2 Ng4+ 14. Kg1 Qxg5 15. c5 Nc6 16. Qb3+ Kh8 17. cxd6 cxd6 18. Rac1 Qe7 19. Bxc6 bxc6 20. e3 Be6 21. Qd3 Bd5 22. Nd2 Rae8 23. Re2 Qd7 24. e4 fxe4 25. Nxe4 Rxe4 26. Rxe4 Bxe4 27. Qxe4 d5 28. Qc2 Qe6 29. Qc3 Qe2 0-1